000 00533nam a2200229Ia 4500
003 OSt
005 20220918200426.0
006 a|||||r|||| 00| 0
007 ta
008 220917b |||||||| |||| 00| 0 eng d
024 _a88,716
037 _cTextual
040 _aARTS
_cARTS
_beng
041 _2eng
_aeng
082 _aU:657, J9
100 _aBoateng E A
245 0 _aGeography of Ghana
260 _c1959
650 _aGEOGRAPHY
942 _hU:657, J9
_cTEXL
_2CC
999 _c212386
_d212386